00570nam a22001572 4500001001100000005001700011008004100028040001500069245018100084250001300265260003700278300001100315651003200326710005100358852000300409000001220720151217155851.0090216s xx 000 0 eng d aKABUcKABU13aAn Introduction to Kenya :bpublished on the occasion of thwe visit of H. R. H. Princes Margaret September and October 1956 /ccompiled by the Department of Information, Kenya. a1st ed. aNairobi :bEnglish Press,c1956. a61 p. 0aKenyaxHistory.@00001487272 aKenya.bDepartment of Information.@00001684601